Born in Youngstown/Ohio - Statistics

General Stats
  • This quiz has been taken 14 times
  • The average score is 6 of 14
Answer Stats
Hint Answer % Correct
Actor, known for his roles as Al Bundy in "Married...with Children" and Jay Pritchett in "Modern Family" 1946 Ed O'Neill
73%
Billionaire and owner of the San Francisco 49ers 1950 Denise DeBartolo York
55%
CEO of the San Francisco 49ers 1981 Jed York
55%
Hall of Fame owner of the San Francisco 49ers 1946 Edward J. DeBartolo Jr.
45%
Developer of shopping malls, one of the richest Americans and owner of the Pittsburgh Penguins from 1977 until 1991 1909 Edward J. DeBartolo Sr.
45%
Football coach and head coach at Oklahoma from 1999 to 2016 1960 Bob Stoops
36%
Football head coach at Kentucky from 2013 to 2025 1967 Mark Stoops
36%
Singer and founding member of "Kool & the Gang" 1950 Robert "Kool" Bell
36%
Musician and founding member of "Kool & the Gang" 1951 Ronald Bell
36%
Guard who plays for the Miami Heat and former Boston Celtics and Charlotte Hornets player 1994 Terry Rozier
36%
Football coach, head coach at Nebraska from 2008 to 2014 and Youngstown State from 2015 to 2019 1967 Bo Pelini
27%
Vocalist and guitarist of the "Dead Boys" 1949 Stiv Bators
27%
Comic artist and co-creator of "Howard the Duck" 1950 Val Mayerik
27%
Actor, "Die Hard" "Last Action Hero" "The Hunt for Red October" 1947 Anthony Peck
18%
No matching quizzes found
Score Distribution
Percent of People with Each Score
Percentile by Number Answered
Your Score History
You have not taken this quiz